Les plus grandes sociétés par pays - Statistiques

Statistiques générales
  • Ce quiz a été pris 85 fois
  • Le résultat moyen est 10 sur 80
Statistiques - réponses
Hint Réponse % Correct
294 milliards $ Apple
73%
51 milliards $ LVMH
70%
175 milliards $ Daimler
61%
254 milliards $ Volkswagen Group
59%
386 milliards $ Amazon
50%
112 milliards $ BMW Group
50%
26 milliards $ Samsung Life Insurance
49%
182 milliards $ Alphabet
47%
200 milliards $ Samsung
47%
49 milliards $ Renault
45%
119 milliards $ Total
41%
249 milliards $ Toyota
34%
90 milliards $ Nestlé
31%
80 milliards $ Sony
24%
180 milliards $ BP
19%
82 milliards $ Carrefour
18%
58 milliards $ Siemens
18%
122 milliards $ Honda
16%
51 milliards $ KIA
16%
48 milliards $ Orange
16%
103 milliards $ BNP Paribas
15%
88 milliards $ Hyundai
15%
54 milliards $ LG Electronics
15%
72 milliards $ Nissan
15%
129 milliards $ Axa Group
14%
32 milliards $ UBS
11%
129 milliards $ Allianz
9%
79 milliards $ EDF
9%
63 milliards $ ENGIE
9%
32 milliards $ Credit Suisse
8%
178 milliards $ ExxonMobil
8%
74 milliards $ Tesco
8%
60 milliards $ HSBC Holdings
7%
117 milliards $ Mitsubishi
7%
57 milliards $ Unilever
5%
50 milliards $ VINCI
5%
49 milliards $ Vodafone
4%
245 milliards $ Berkshire Hathaway
3%
179 milliards $ Costco
3%
134 milliards $ Bank of China
1%
27 milliards $ CJ Corporation
1%
76 milliards $ Deutsche Post
1%
44 milliards $ GlaxoSmithKline
1%
78 milliards $ Hitachi
1%
43 milliards $ Lloyds Banking Group
1%
281 milliards $ PetroChina
1%
54 milliards $ Prudential
1%
24 milliards $ Swiss Life
1%
82 milliards $ Aeon
0%
154 milliards $ Agricultural Bank of China
0%
195 milliards $ Amerisource Bergen
0%
31 milliards $ Anglo American
0%
67 milliards $ BASF
0%
174 milliards $ China Construction Bank
0%
114 milliards $ China Life Insurance
0%
142 milliards $ China Railway Group
0%
37 milliards $ Chubb
0%
269 milliards $ CVS Health
0%
115 milliards $ Deutsche Telekom
0%
69 milliards $ E.ON
0%
142 milliards $ Glencore International
0%
43 milliards $ Hanwha
0%
191 milliards $ ICBC
0%
97 milliards $ Itochu
0%
107 milliards $ Japan Post Holding
0%
109 milliards $ JD.com
0%
50 milliards $ Korea Electric Power
0%
64 milliards $ Legal & General Group
0%
237 milliards $ McKesson
0%
73 milliards $ Munich Re
0%
110 milliards $ Nippon Telegraph & Tel
0%
49 milliards $ Novartis
0%
169 milliards $ Ping An Insurance Group
0%
49 milliards $ Posco
0%
62 milliards $ Roche Holding
0%
271 milliards $ Sinopec
0%
69 milliards $ SK Holdings
0%
42 milliards $ Swiss Re
0%
263 milliards $ United Health Group
0%
58 milliards $ Zurich Insurance Group
0%
Aucun quiz correspondant
Distribution des résultats
% des personnes avec chaque résultat
Percentile par nombre de réponses
Votre historique - résultats
Vous n’avez pas pris ce quiz